000
00301nam a22001217a 4500
008
170703b xxu||||| |||| 00| 0 eng d
041
_a
eng
080
_a
82
100
_a
22
101
_a
GJL
245
_a
HIGHER THE ACADENIC LEFT AND ITS QUARRELS WITH SCIENCE
_c
GROOS.P.R
942
_2
udc
_c
BK
999
_c
19861
_d
19861